World Map Quiz - Statistics

General Stats
  • This quiz has been taken 34 times
  • The average score is 85 of 196
Answers on the Map
Answers color-coded by a green-red scale on the quiz's map according to % correct below.
 
Answer Stats
Answer % Correct
Canada
85%
Cuba
85%
Mexico
77%
United States
77%
Argentina
69%
Brazil
69%
Costa Rica
69%
Panama
69%
Algeria
62%
Bahamas
62%
Belize
62%
Chile
62%
China
62%
Cyprus
62%
Denmark
62%
Egypt
62%
El Salvador
62%
Finland
62%
France
62%
Germany
62%
Greece
62%
Nicaragua
62%
Albania
54%
Australia
54%
Austria
54%
Belgium
54%
Bhutan
54%
Bolivia
54%
Cambodia
54%
Cameroon
54%
Croatia
54%
Czech Republic
54%
Djibouti
54%
D. R. of the Congo
54%
Estonia
54%
Eswatini
54%
Haiti
54%
Honduras
54%
Iceland
54%
India
54%
Iran
54%
Israel
54%
Italy
54%
Jamaica
54%
Japan
54%
Kazakhstan
54%
Laos
54%
Latvia
54%
Lesotho
54%
North Korea
54%
Norway
54%
Oman
54%
Spain
54%
Uruguay
54%
Afghanistan
46%
Angola
46%
Armenia
46%
Azerbaijan
46%
Bangladesh
46%
Belarus
46%
Bosnia and Herzegovina
46%
Bulgaria
46%
Chad
46%
Colombia
46%
Dominican Republic
46%
East Timor
46%
Ecuador
46%
Eritrea
46%
Georgia
46%
Ghana
46%
Guatemala
46%
Guyana
46%
Hungary
46%
Indonesia
46%
Iraq
46%
Ireland
46%
Jordan
46%
Lebanon
46%
Libya
46%
Lithuania
46%
Luxembourg
46%
Madagascar
46%
Malta
46%
Mongolia
46%
Morocco
46%
Myanmar
46%
Nepal
46%
New Zealand
46%
North Macedonia
46%
Pakistan
46%
Paraguay
46%
Peru
46%
Poland
46%
Portugal
46%
Russia
46%
Saudi Arabia
46%
Senegal
46%
Somalia
46%
South Africa
46%
South Korea
46%
Sri Lanka
46%
Sweden
46%
Taiwan
46%
Thailand
46%
Tunisia
46%
Turkey
46%
United Kingdom
46%
Vietnam
46%
Andorra
38%
Benin
38%
Botswana
38%
Brunei
38%
Burkina Faso
38%
Burundi
38%
Cape Verde
38%
Central African Republic
38%
Comoros
38%
Equatorial Guinea
38%
Ethiopia
38%
Gambia
38%
Ivory Coast
38%
Kosovo
38%
Kuwait
38%
Kyrgyzstan
38%
Liberia
38%
Malawi
38%
Malaysia
38%
Maldives
38%
Montenegro
38%
Mozambique
38%
Namibia
38%
Netherlands
38%
Niger
38%
Papua New Guinea
38%
Philippines
38%
Romania
38%
Serbia
38%
Seychelles
38%
Sierra Leone
38%
Slovakia
38%
Sudan
38%
Suriname
38%
Switzerland
38%
Syria
38%
Tanzania
38%
Turkmenistan
38%
Ukraine
38%
United Arab Emirates
38%
Venezuela
38%
Yemen
38%
Zimbabwe
38%
Bahrain
31%
F. S. of Micronesia
31%
Gabon
31%
Guinea
31%
Guinea-Bissau
31%
Kenya
31%
Kiribati
31%
Mali
31%
Mauritania
31%
Mauritius
31%
Moldova
31%
Nigeria
31%
Qatar
31%
San Marino
31%
Sao Tome and Principe
31%
Singapore
31%
Slovenia
31%
South Sudan
31%
Tajikistan
31%
Togo
31%
Uganda
31%
Uzbekistan
31%
Vatican City
31%
Zambia
31%
Dominica
23%
Liechtenstein
23%
Marshall Islands
23%
Monaco
23%
Nauru
23%
Palau
23%
Republic of the Congo
23%
Rwanda
23%
Saint Lucia
23%
Solomon Islands
23%
Tonga
23%
Antigua and Barbuda
15%
Barbados
15%
Fiji
15%
Saint Kitts and Nevis
15%
Saint Vincent and the Grenadines
15%
Samoa
15%
Trinidad and Tobago
15%
Tuvalu
15%
Grenada
8%
Vanuatu
8%
No matching quizzes found
Score Distribution
Percent of People with Each Score
Percentile by Number Answered
Your Score History
You have not taken this quiz